| 000 | 00847nam a2200229 a 4500 | ||
|---|---|---|---|
| 001 | 81956 | ||
| 003 | BD-RjUL | ||
| 005 | 20230920140602.0 | ||
| 008 | 230920s2010 ii ||||| |||| 00| 0 ben d | ||
| 020 | _a9788185479408 | ||
| 035 | _a(BD-RjUL)81956 | ||
| 040 |
_aBD-RjUL _beng _cBD-RjUL |
||
| 041 | _aben | ||
| 082 |
_223 _a891.443 _bSIS 2010 |
||
| 100 |
_aসিংহ, উদয় নারায়ণ _99094 |
||
| 245 |
_aসাহিত্যের ভাষা : _bভাষার সাহিত্য / _cউদয় নারায়ণ সিংহ |
||
| 260 |
_aকলকাতা : _bঅনুষ্টুপ, _c২০১০ |
||
| 300 |
_a৩২০ পৃ.; _c২৪ সেমি. |
||
| 650 |
_aবাংলা সাহিত্য _xউপন্যাস _9818 |
||
| 650 |
_aBengali Literature _xNovels _99095 |
||
| 942 |
_2ddc _cBK |
||
| 999 |
_c81956 _d81956 |
||